Property valuation : the 5 methods

Bibliographic Details
Main Author: Scarrett, Douglas (Author)
Format: Book
Language:English
Published: London : E & FN Spon 1991
Subjects:

MARC

LEADER 00000cam a2200000 7i4500
001 0000004349
005 20240930.0
008 991212 enka eng
020 |a 0419137807 
040 |a INS   |b eng   |e rda 
090 0 0 |a HD1387   |b .S28 1991 
100 1 |a Scarrett, Douglas ,   |e author 
245 1 0 |a Property valuation :   |b the 5 methods   |c Douglas Scarrett 
264 1 |a London :   |b E & FN Spon   |c 1991 
264 4 |c ©1991 
300 |a viii, 232 pages :   |b illustrations ;   |c 24 cm. 
336 |a text  |2 rdacontent 
337 |a unmediated  |2 rdamedia 
338 |a volume  |2 rdacarrier 
650 0 |a Real property valuation 
999 |a 0000006235   |b BOOK   |c Open Shelf   |e Default branch 
999 |a 0000006971   |b BOOK   |c Open Shelf   |e Default branch 
999 |a 0000006972   |b BOOK   |c Open Shelf   |e Default branch 
999 |a 0000006973   |b BOOK   |c Open Shelf   |e Default branch 
999 |a 0000007823   |b BOOK   |c Open Shelf   |e Default branch 
999 |a 0000007825   |b BOOK   |c Open Shelf   |e Default branch 
999 |a 0000015137   |b BOOK   |c Open Shelf   |e Default branch